Eastern Utah Libraries Catalog: Duchesne, Heber, Roosevelt, & Vernal

The Christmas promise (Record no. 265884)

MARC details
000 -LEADER
fixed length control field 02206nim a2200565La 4500
001 - CONTROL NUMBER
control field ocn174097074
003 - CONTROL NUMBER IDENTIFIER
control field OCoLC
005 - DATE AND TIME OF LATEST TRANSACTION
control field 20220223140309.0
007 - PHYSICAL DESCRIPTION FIXED FIELD--GENERAL INFORMATION
fixed length control field sd fungnnmmned
008 - FIXED-LENGTH DATA ELEMENTS--GENERAL INFORMATION
fixed length control field 071010s2007 nyunnnn f n eng d
020 ## - INTERNATIONAL STANDARD BOOK NUMBER
International Standard Book Number 9781427201898 : CMD
020 ## - INTERNATIONAL STANDARD BOOK NUMBER
International Standard Book Number 1427201897 : CMD
020 ## - INTERNATIONAL STANDARD BOOK NUMBER
International Standard Book Number 9780792750369
020 ## - INTERNATIONAL STANDARD BOOK NUMBER
International Standard Book Number 0792750365
020 ## - INTERNATIONAL STANDARD BOOK NUMBER
International Standard Book Number 9781427201898
020 ## - INTERNATIONAL STANDARD BOOK NUMBER
International Standard Book Number 1427201897
028 01 - PUBLISHER NUMBER
Publisher number SLD 1182
Source BBC Audiobooks America
029 0# - (OCLC)
OCLC library identifier BBCAA
System control number bbc0792750369
035 ## - SYSTEM CONTROL NUMBER
System control number (OCoLC)174097074
Canceled/invalid control number (OCoLC)154670823
040 ## - CATALOGING SOURCE
Original cataloging agency BBCAA
Transcribing agency BBCAA
Modifying agency BTCTA
-- BAKER
-- JED
-- WACOL
Description conventions rda
049 ## - LOCAL HOLDINGS (OCLC)
Holding library WACL
050 14 - LIBRARY OF CONGRESS CALL NUMBER
Classification number PS3622.A66
Item number C479 2007d
082 04 - DEWEY DECIMAL CLASSIFICATION NUMBER
Classification number 813/.6
Edition number 22
092 ## - LOCALLY ASSIGNED DEWEY CALL NUMBER (OCLC)
Classification number CD
Item number Van
100 1# - MAIN ENTRY--PERSONAL NAME
Personal name VanLiere, Donna,
Dates associated with a name 1966-
9 (RLIN) 49780
Relator term author
245 14 - TITLE STATEMENT
Title The Christmas promise
Medium [sound recording] /
Statement of responsibility, etc Donna VanLiere.
260 ## - PUBLICATION, DISTRIBUTION, ETC. (IMPRINT)
Place of publication, distribution, etc [New York] :
Name of publisher, distributor, etc Audio Renaissance ;
Place of publication, distribution, etc North Kingstown, R.I. :
Name of publisher, distributor, etc Distributed by BBC Audiobooks America,
Date of publication, distribution, etc p2007.
264 #1 - Production, Publication, Distribution, Manufacture, and Copyright Notice.
Place of production, publication, distribution, manufacture [New York] :
Name of producer, publisher, distributor, manufacturer Audio Renaissance ;
Date of production, publication, distribution, manufacture, or copyr p2007.
264 #2 - Production, Publication, Distribution, Manufacture, and Copyright Notice.
Place of production, publication, distribution, manufacture North Kingstown, R.I. :
Name of producer, publisher, distributor, manufacturer BBC Audiobooks America,
Date of production, publication, distribution, manufacture, or copyr p2007.
300 ## - PHYSICAL DESCRIPTION
Extent 4 sound discs (4 hr., 22 min.) :
Other physical details digital ;
Dimensions 4 3/4 in.
306 ## - PLAYING TIME
Playing time 040000
336 ## - Content Type
Content type term spoken word
337 ## - Media type
Media type term audio
338 ## - Carrier type
Carrier type term audio disc
500 ## - GENERAL NOTE
General note "Sound library."
500 ## - GENERAL NOTE
General note In container (17 cm.).
500 ## - GENERAL NOTE
General note Title from container.
500 ## - GENERAL NOTE
General note "Complete & Unabridged"--Container.
500 ## - GENERAL NOTE
General note "Digitally Mastered"--Container.
500 ## - GENERAL NOTE
General note "Includes a Bonus Interview With the Author"--Container.
500 ## - GENERAL NOTE
General note Compact disc.
511 0# - PARTICIPANT OR PERFORMER NOTE
Participant or performer note Read by the author.
520 ## - SUMMARY, ETC.
Summary, etc Taking what he hopes will be his first long-term job, lonely department store security officer Chaz McConnell reaches out to a four-year-old child, while Gloria Bailey, a charity worker who has taken in a single pregnant woman and a cantankerous senior, struggles with ensuing personality clashes.
530 ## - ADDITIONAL PHYSICAL FORM AVAILABLE NOTE
Additional physical form available note Issued also on cassette.
650 #0 - SUBJECT ADDED ENTRY--TOPICAL TERM
Topical term or geographic name as entry element Interpersonal relations
Form subdivision Fiction.
9 (RLIN) 5673978
655 #0 - INDEX TERM--GENRE/FORM
Genre/form data or focus term Christmas stories.
9 (RLIN) 5675018
655 #0 - INDEX TERM--GENRE/FORM
Genre/form data or focus term Audiobooks.
9 (RLIN) 5840112
942 ## - ADDED ENTRY ELEMENTS (KOHA)
Koha item type CD
Source of classification or shelving scheme Dewey Decimal Classification
948 ## - LOCAL PROCESSING INFORMATION (OCLC); SERIES PART DESIGNATOR (RLIN)
Series part designator, SPT (RLIN) 12/07/2007
z (OCLC) Sirsi
Holdings
Withdrawn status Lost status Source of classification or shelving scheme Materials specified (bound volume or other part) Damaged status Not for loan Collection code Home library Current library Shelving location Date acquired Source of acquisition Cost, normal purchase price Total Checkouts Total Renewals Full call number Barcode Date last seen Date checked out Cost, replacement price Price effective from Koha item type
    Dewey Decimal Classification .CIRCNOTE. 4 discs     Audiobooks Wasatch County Library Wasatch County Library Second Floor 12/07/2007   19.95 42 2 CD Van 34301000845778 03/07/2024 11/27/2023 19.95 03/20/2020 Audiobook on CD
This project was made possible through a grant from the Institute of Museum and Library Service administered by the Utah State Library Division.

Wasatch County Library

  • 465 East 1200 South, Heber City, Utah 84032
  • Phone 435-654-1511 | Fax 435-654-6456

Hours

  • Monday - Friday 9:30 AM - 8:00 PM
  • Saturday 9:30 AM - 1:30 PM
  • Closed Sundays and Holidays